000 00692nam a2200241Ia 4500
003 OSt
005 20220926024533.0
006 a|||||r|||| 00| 0
007 ta
008 220923b |||||||| |||| 00| 0 eng d
037 _cGeneral Book
040 _aRTL
_cRTL
_beng
041 _2eng
_aeng
082 _aX:3M24xM70k, N2/RR
100 _aMichael Inwood
_9330995
245 0 _aHegel Dictionary
260 _aOxford
_bBlackwell
_c1992
300 _avii, 347p
_ccm.
490 _aBlckwsell philosopher dictionaries
650 _aEconomics classics V I Lenin
_9277374
942 _hX:3M24xM70k, N2/RR
_cGB
_2CC
999 _c644658
_d644658